| 000 | 01354nam a22002057a 4500 | ||
|---|---|---|---|
| 005 | 20220420084641.0 | ||
| 008 | 220412b ||||| |||| 00| 0 eng d | ||
| 020 | _a9781250313195 | ||
| 040 | _cAL | ||
| 041 | _aeng | ||
| 082 |
_223 _a823.92 _bMUIG |
||
| 100 |
_aTamsyn Muir _929502 |
||
| 245 | _aGideon the ninth | ||
| 260 |
_aNew York _bTom Doherty Associates Book _c2019 |
||
| 300 |
_a444p. _bHB _c21x13cm. |
||
| 365 |
_2General _a6320 _b₹1365.00 _c₹ _d₹1750.00 _e22% _f8-03-2022 |
||
| 520 | _aBrought up by unfriendly, ossifying nuns, ancient retainers, and countless skeletons, Gideon is ready to abandon a life of servitude and an afterlife as a reanimated corpse. She packs up her sword, her shoes, and her dirty magazines, and prepares to launch her daring escape. But her childhood nemesis won't set her free without a service.Harrowhark Nonagesimus, Reverend Daughter of the Ninth House and bone witch extraordinaire, has been summoned into action. The Emperor has invited the heirs to each of his loyal Houses to a deadly trial of wits and skill. If Harrowhark succeeds she will become an immortal, all-powerful servant of the Resurrection, but no necromancer can ascend without their cavalier. Without Gideon's sword, Harrow will fail, and the Ninth House will die. | ||
| 650 |
_2Literature _aEnglish Fiction _929503 |
||
| 942 |
_2ddc _cBK |
||
| 999 |
_c222386 _d222386 |
||